[Event "Leipzig VfB op 24th"]
[White "Krajinski, Lutz"]
[Black "Schlegel, Hagen"]
[Site "Leipzig"]
[Round "6"]
[Result "0-1"]
[Date "2017.03.24"]
[WhiteElo "1682"]
[BlackElo "1636"]
[PlyCount "104"]
[EventDate "2017.03.21"]
[EventType "swiss"]
[EventRounds "9"]
[EventCountry "GER"]
[SourceTitle "EXT 2018"]
[Source "ChessBase"]
[SourceDate "2017.10.13"]
[SourceVersion "1"]
[SourceVersionDate "2017.10.13"]
[SourceQuality "1"]

1. c4 e5 2. Nc3 Nf6 3. Nf3 Nc6 4. g3 Be7 5. Bg2 0-0 6. e3 b6 7. Nxe5 Bb7 8. d4 Bb4 9. 0-0 Re8 10. Qb3 Bf8 11. Qa4 Na5 12. b4 Bxg2 13. Kxg2 Nb7 14. c5 bxc5 15. Qb3 Qe7 16. bxc5 Nxc5 17. Qc4 Ne6 18. f4 Qb4 19. Qd3 Qb7+ 20. Kg1 a5 21. a3 Qa6 22. Qc2 d6 23. Nf3 c5 24. d5 Nc7 25. e4 Rab8 26. a4 Rb7 27. Ba3 Ng4 28. Rfe1 Nf6 29. Nd2 Reb8 30. Rab1 Qa7 31. Kg2 Rb6 32. Rxb6 Rxb6 33. Rb1 Na6 34. Nb5 Qd7 35. Nc4 Rb8 36. Nxa5 Qe8 37. Re1 Nxd5 38. Qe2 Ndc7 39. Nc4 Nxb5 40. axb5 Qxb5 41. Qd3 Qc6 42. Rd1 Rd8 43. Ne5 Qc8 44. Nc4 Nb4 45. Bxb4 cxb4 46. Nxd6 Bxd6 47. Qb3 Bf8 48. Kf3 Rxd1 49. Qxd1 Qc3+ 50. Ke2 b3 51. Qd2 Qc6 52. Qd3 b2 0-1

[Event "Leipzig VfB op 24th"]
[White "Riedel, Bert"]
[Black "Schlegel, Hagen"]
[Site "Leipzig"]
[Round "4"]
[Result "1-0"]
[Date "2017.03.23"]
[WhiteElo "1919"]
[BlackElo "1636"]
[PlyCount "95"]
[EventDate "2017.03.21"]
[EventType "swiss"]
[EventRounds "9"]
[EventCountry "GER"]
[SourceTitle "EXT 2018"]
[Source "ChessBase"]
[SourceDate "2017.10.13"]
[SourceVersion "1"]
[SourceVersionDate "2017.10.13"]
[SourceQuality "1"]

1. d4 Nf6 2. Nc3 d5 3. Bf4 e6 4. e3 a6 5. Bd3 c5 6. Nf3 Nc6 7. a3 Be7 8. Ne5 Qb6 9. Nxc6 bxc6 10. Na4 Qa5+ 11. c3 cxd4 12. exd4 Qd8 13. b4 a5 14. Qe2 axb4 15. axb4 Bd6 16. Bxd6 Qxd6 17. 0-0 0-0 18. Nc5 Rb8 19. Ra7 Nd7 20. Nxd7 Bxd7 21. Rfa1 Rfd8 22. Qh5 h6 23. Qe5 Qf8 24. Qc7 Qe8 25. f4 Rbc8 26. Qa5 Kf8 27. Bc2 f6 28. Qa6 Rb8 29. Qd3 f5 30. Qa6 Bc8 31. Qa5 Kg8 32. Qc7 Bd7 33. R1a6 Rbc8 34. Qa5 Qh5 35. Bd3 Qd1+ 36. Bf1 Qd2 37. Qc5 Qe3+ 38. Kh1 Qxf4 39. Ra1 Kh7 40. g3 Qg5 41. Qd6 Be8 42. Qxe6 Qg6 43. Qe5 Bd7 44. Bd3 Qe6 45. Qf4 Kg6 46. g4 Qf6 47. Rxd7 Rxd7 48. Qxf5+ 1-0